Tuyển tập Nguyên Hồng T.3
Giới thiệu 3 tác phẩm: sóng gầm, thù nước nợ nhà, nước mất nhà tan
保存先:
| 第一著者: | |
|---|---|
| その他の著者: | |
| フォーマット: | 図書 |
| 言語: | Vietnamese |
| 出版事項: |
H.
Văn học
1995
|
| シリーズ: | Văn học hiện đại Việt Nam
|
| 主題: | |
| タグ: |
タグ追加
タグなし, このレコードへの初めてのタグを付けませんか!
|
| Thư viện lưu trữ: | Mạng thư viện Đại học Đà Nẵng |
|---|
| LEADER | 01382nam a22004098a 4500 | ||
|---|---|---|---|
| 001 | 000014274 | ||
| 003 | 10634 | ||
| 005 | 20120425080432.0 | ||
| 008 | 120425s1995 b 000 0 od | ||
| 020 | |c 45000d |d 1000b | ||
| 041 | 0 | |a 9602 | |
| 041 | 0 | |a tiểu thuyết | |
| 041 | 0 | |a vie | |
| 080 | |a V23 | ||
| 082 | |a 895.9223 |b NG-H | ||
| 084 | |a V6(1)7-44 |b T527T | ||
| 100 | 1 | |a Nguyên Hồng | |
| 245 | 1 | 0 | |a Tuyển tập Nguyên Hồng |c Phan Cự Đệ sưu tầm, tuyển chọn, giới thiệu |n T.3 |
| 260 | |a H. |b Văn học |c 1995 | ||
| 300 | |a 646tr |c 19cm | ||
| 490 | |a Văn học hiện đại Việt Nam | ||
| 505 | |a T.3 | ||
| 520 | |a Giới thiệu 3 tác phẩm: sóng gầm, thù nước nợ nhà, nước mất nhà tan | ||
| 653 | |a Văn học hiện đại | ||
| 653 | |a việt nam | ||
| 700 | 1 | |a Phan Cự Đệ |e sư tầm | |
| 773 | |d Văn Học |d H. |t Tuyển tập Nguyên Hồng |w 10633 | ||
| OWN | |a LSP | ||
| AVA | |a UDN50 |b LSP |d 895.9223 NG-H |e available |t Error 5001 Not defined in file expand_doc_bib_avail. |f 1 |g 0 |h N |i 0 |k 1 | ||
| 999 | |a From the UDN01 | ||
| AVA | |a UDN50 |b LSP |d 895.9223 NG-H |e available |t Error 5001 Not defined in file expand_doc_bib_avail. |f 1 |g 0 |h N |i 0 |k 1 | ||
| TYP | |a Monograph | ||
| TYP | |a Printed language | ||
| 980 | |a Mạng thư viện Đại học Đà Nẵng | ||